Invisibilizando golpes de Estado /

Guardado en:
書目詳細資料
主要作者: Borón, Atilio
格式: Texto
標簽: 添加標簽
沒有標簽, 成為第一個標記此記錄!

MARC

LEADER 00000 a a2200000 04500
001 42730
003
040
100 |a Borón, Atilio  
245 |a Invisibilizando golpes de Estado /  |c Atilio Borón  
773 |g número147 ( , 2010), páginas 17-22  
999 |c 38766  |d 38766